Druhý breh Západu (Record no. 176955)

MARC details
000 -LEADER
campo de control de longitud fija 00693nam a2200205 i 4500
001 - NÚMERO DE CONTROL
campo de control 176955
003 - IDENTIFICADOR DE NÚMERO DE CONTROL
campo de control ES-MaACL
005 - FECHA Y HORA DE LA ÚLTIMA TRANSACCIÓN
campo de control 20250728050424.0
008 - DATOS DE LONGITUD FIJA--INFORMACIÓN GENERAL
campo de control de longitud fija 110221s2004 xr |||| | cze d
080 ## - NÚMERO DE LA CLASIFICACIÓN DECIMAL UNIVERSAL
Número de la Clasificación Decimal Universal 316.7(8)
245 00 - MENCIÓN DEL TÍTULO
Título Druhý breh Západu
Resto del título : výbor iberoamerických eseju /
Mención de responsabilidad, etc. usporádala a úvod napsala Anna Housková.
260 ## - PUBLICACIÓN, DISTRIBUCIÓN, ETC.
Lugar de publicación, distribución, etc. [Praga] :
Nombre del editor, distribuidor, etc. Mladá Fronta,
Fecha de publicación, distribución, etc. cop. 2004.
300 ## - DESCRIPCIÓN FÍSICA
Extensión 371 p. ;
Dimensiones 21 cm.
504 ## - NOTA DE BIBLIOGRAFÍA, ETC.
Nota de bibliografía, etc. Bibliografía: p. 348-371.
546 ## - NOTA DE IDIOMA
Nota de lengua/lenguaje Texto en checo.
651 #4 - PUNTO DE ACCESO ADICIONAL DE MATERIA--NOMBRE GEOGRÁFICO
Nombre geográfico América Latina-
Subdivisión general Civilización
9 (RLIN) 7742
700 1# - ENTRADA AGREGADA--NOMBRE PERSONAL
Nombre de persona Housková, Anna.
9 (RLIN) 145292
852 ## - LOCALIZACIÓN
Ubicación ES-MaACL
Número de control de estantería E-14378
Nota libre .- Dedicatoria autógrafa de Anna Housková
Holdings
Estatus retirado Estado de pérdida Estado de daño No para préstamo Biblioteca de origen Biblioteca actual Ubicación en estantería Fecha de adquisición Fuente de adquisición Total de préstamos Signatura topográfica completa Código de barras Visto por última vez Precio de reemplazo Tipo de ítem Koha
        Biblioteca del Ateneo de Madrid Biblioteca del Ateneo de Madrid Depósito 2 21/02/2011     E-14378 1185856 23/02/2023 23/02/2023 Libro impreso